EL regalismo indiano en el "Govierno eclesiástico- pacífico" de Don Fr. Gaspar de Villarroel, O.S.A. Obispo de Santiago de Chile / (Record no. 105255)

MARC details
000 -LEADER
campo de control de longitud fija 00858nam a22002051 4500
001 - NÚMERO DE CONTROL
campo de control 105255
003 - IDENTIFICADOR DE NÚMERO DE CONTROL
campo de control ES-MaACL
005 - FECHA Y HORA DE LA ÚLTIMA TRANSACCIÓN
campo de control 20250810063032.0
007 - CAMPO FIJO DE DESCRIPCIÓN FÍSICA--INFORMACIÓN GENERAL
campo de control de longitud fija t|
008 - DATOS DE LONGITUD FIJA--INFORMACIÓN GENERAL
campo de control de longitud fija 060620s1947 sp ||||0| spa d
016 7# - NÚMERO DE CONTROL DE UNA AGENCIA BIBLIOGRÁFICA NACIONAL
Número de control cancelado/no válido IND9200524190
040 ## - FUENTE DE CATALOGACIÓN
Centro catalogador/agencia de origen M-BN
Lengua de catalogación spa
Centro/agencia transcriptor A2
100 1# - ENTRADA PRINCIPAL--NOMBRE DE PERSONA
Nombre de persona López Ortiz, José,
Fechas asociadas al nombre 1898-1992
9 (RLIN) 73849
245 13 - MENCIÓN DEL TÍTULO
Título EL regalismo indiano en el "Govierno eclesiástico- pacífico" de Don Fr. Gaspar de Villarroel, O.S.A. Obispo de Santiago de Chile /
Mención de responsabilidad, etc. Discurso... 12 de Mayo de 1947, en su recepción pública por el Excmo. y Rvmo. Sr. D. Fr. José López Ortiz y contestación del Excmo. Sr. D. Xavier Cabello Lapiedra.
260 ## - PUBLICACIÓN, DISTRIBUCIÓN, ETC.
Lugar de publicación, distribución, etc. Madrid :
Nombre del editor, distribuidor, etc. [s.n.],
Fecha de publicación, distribución, etc. 1947 (
Fabricante Imp. Vda. de Galo Sèz)
300 ## - DESCRIPCIÓN FÍSICA
Extensión 87 p ;
Dimensiones 24 cm.
700 1# - ENTRADA AGREGADA--NOMBRE PERSONAL
Nombre de persona Cabello Lapiedra, Javier.
9 (RLIN) 33179
852 ## - LOCALIZACIÓN
Ubicación ES-MaACL
Número de control de estantería 1866-F-19
Holdings
Estatus retirado Estado de pérdida Estado de daño No para préstamo Colección Biblioteca de origen Biblioteca actual Ubicación en estantería Fecha de adquisición Fuente de adquisición Total de préstamos Signatura topográfica completa Código de barras Visto por última vez Precio de reemplazo Tipo de ítem Koha
        Colección de folletos Biblioteca del Ateneo de Madrid Biblioteca del Ateneo de Madrid Depósito folletos 17/01/2008     1866-F-19 1109885 23/02/2023 23/02/2023 Folleto